Perspektívy n.p. Duslo Šaľa v oblasti agrochemikálií

Bibliographic Details
Main Author: Waradzin, Walter (Author)
Format: Article
Language:Slovak
Subjects:

MARC

LEADER 00000nab a2200000 a 4500
001 vtls000332795
003 SK-MaSNL
005 20260304035127.0
008 230120c1988 xo 0 slo
015 |a SNBRB19rr/mm-uuuuu 
035 |a CL0332917 
035 |a urn:nbn:sk:snk-abbiji 
035 |a (urnnbn)urn:nbn:sk:snk:ar-00639p 
035 |a (uuid)0cf9b448-ae5b-4a86-87a7-c373568de7ef 
040 |a SNKBUCL  |b slo  |c SNKBUCL  |e AACR2 
041 0 |a slo 
044 |a xo  |c SK 
080 |a 631.82  |2 1981 
080 |a 632.95  |2 1981 
080 |a 66.013  |2 1981 
100 1 |a Waradzin, Walter  |4 aut  |9 806715 
245 1 0 |a Perspektívy n.p. Duslo Šaľa v oblasti agrochemikálií  |c Walter Waradzin 
650 0 7 |a priemyselné hnojivá  |2 snkbucl  |9 70407 
650 0 7 |a pesticídy  |2 snkbucl  |9 4061 
650 0 7 |a Duslo, n.p., Šaľa  |2 snkbucl  |9 925392 
655 7 |a články z novín a časopisov  |2 snkbucl  |9 267496 
773 0 |t Agrochémia  |g Roč. 28, č. 9 (1988), s. 259-261 
850 |a Slovenská národná knižnica v Martine  |a MTA001 
852 |a SNK  |b KIS3GCP 
954 |a odborná, vedecká literatúra pôvodná (slovenská)  |2 lita 
957 |a 5203 
958 |a OND 
958 |a RK 
958 |a EUIPO 
958 |a article15 
992 |a RBX 
999 |c 2656421  |d 2658351